000 00418cam a2200157ua 4500
041 _aeng
_h
082 _a954.03
_bTAR/HI
100 _aTarachand, .
245 _aHistory of the freedom movement in India vol-1 /
_cTarachand.
_hTextual Documents
250 _a1 /
_b.
260 _aIndia :
_bMinistry of I&B, Govt. of India ,
_c1965.
300 _a344 ; .
504 _a
942 _cBK
999 _c8413
_d8413